000 00355nam a2200133Ia 4500
008 240624s9999 xx 000 0 und d
041 _aeng
082 _a658.8 BER
100 _aBERGHAUS BENJAMIN
245 _aMANAGEMENT OF LUXURY A PRACTITIONER S HA
260 _c2014
_aLondon
_bKogan Page
300 _axxxix, : 448 : p. : cm. ; 23
365 _cGBP
_b30
999 _c27415
_d27415